000 00633nas a2200229 4500
001 BR9207260
003 BR-BrBNA
005 20231205095010.0
007 ta
008 230509b bl.|||p| |||| 00| 00por d
040 _aBR-BrBNA
_bpor
_cBiblioteca Nacional de Agricultura
041 _a(Pt)
072 _aN20
100 1 _aAnon.
245 1 _aAs ferramentas: o que se usa, para que serve e outras dicas
650 _aEquipamento Rural
650 _aFerramenta
650 _aPratico
773 0 _tGuia Rural (Brazil)
_x
_g(Apr 1991), p. 152-153
_wBR9207260
909 _a202311
_bLúcia
_c55
_dLúcia Elande
942 _2AGRIS
_n0
_cANA
999 _c148173
_d148173